000 00534nam a2200193Ia 4500
005 20260114185719.0
008 008 260114s9999 xx 000 0 eng d
020 _a9781350362604
037 _aEBOOK
040 _aCRL
_beng
_cCRL
041 _aeng
_2eng
084 _qCRL
100 _aAJ Pollard
_9873478
245 4 _aThe Wars of the Roses
260 _bBloomsbury
_c1995
856 _uhttps://doi.org/10.5040/9781350362604?locatt=label:secondary_bloomsburyCollections
942 _cEBOOK
999 _c1472426
_d1472426